00441nam a2200157Ia 4500003000900000008004100009040001600050080001700066100002100083245004600104260003500150300001600185650003100201650003000232650002100262IN-BaIIA211028s9999 xx 000 0 eng d cIIA Library a621.317bHAR aHarris, Forest K 0aElectrical measurementscForest K. Harris aNew DelhibWiley Easternc1968 axiii, 784p. a Electrical engineering  a Electrical measurements aNASA Thesaurus